Statistics for Countries that Beat Suriname

Click here to take the quiz!

General Stats

  • This quiz has been taken 177 times
    (164 since last reset)
  • The average score is 11 of 18

Answer Stats

RankCategoryCountries% Correct
3Most Dutch speakersNetherlands | Belgium
98%
2Least populous capital city in South AmericaGuyana
92%
2Shortest border with GuyanaVenezuela
84%
5Least densely populatedMongolia | Namibia | Australia | Iceland
83%
2Least Catholics in South America (%)Guyana
80%
2Most cars per capita in South AmericaBrazil
79%
4Starting with "S" closest to the end of the alphabetSweden | Switzerland | Syria
79%
4Easternmost in South AmericaBrazil | Argentina | Uruguay | France
65%
5Longest border with FranceBrazil | Spain | Belgium | Switzerland
64%
6Most recent in AmericaSaint Kitts and Nevis | Antigua and Barbuda | Belize | Saint Vincent and the Grenadines | Saint Lucia
64%
4Lowest HDI in South AmericaGuyana | Bolivia | Paraguay
62%
7Most Indian origin people (%, India excluded)Mauritius | Guyana | United Arab Emirates | Qatar | Trinidad and Tobago | Fiji
50%
2Smallest GuianaFrance
48%
5Least arable land (%)Djibouti | Oman | Seychelles | Mongolia
47%
4Biggest with the smallest economies (out of Africa)Mongolia | Papua New Guinea | Guyana
43%
2Amazonian with the smallest area of this forestFrance
39%
4Highest percentage of people in its capital city (100% excluded)Bahamas | Qatar | Djibouti
31%
2Richest in water per capitaFinland
11%

Score Distribution

Percentile by Number Answered

Percent of People with Each Score

Your Score History

You have not taken this quiz since the last reset